Normal view
MARC view
Entry Topical Term
001 - CONTROL NUMBER
- control field: 21376
003 - CONTROL NUMBER IDENTIFIER
- control field: ARRUPE
005 - DATE AND TIME OF LATEST TRANSACTION
- control field: 20151217093227.0
008 - FIXED-LENGTH DATA ELEMENTS
- fixed length control field: 151217|| aca||aabn | a|a d
040 ## - CATALOGING SOURCE
- Original cataloging agency: ARRUPE
- Transcribing agency: ARRUPE
150 ## - HEADING--TOPICAL TERM
- Topical term or geographic name as entry element: Missions, Catholic
- General subdivision: Theory
670 ## - SOURCE DATA FOUND
- Source citation: Work cat.: (ARRUPE): Oduho Gedion Ophetek'Moi, Alfred 21374, The Plantatio Ecclesiae Theory of mission:, 2007